000 00323 a2200145 4500
001 166984
020 _a
040 _cMagnum
100 _aKohan, Walter Omar
240 1 0 _aFilosofia na escola publica - v.5
_lpor
245 1 0 _aFilosofia na escola publica - v.5
362 0 _a1899
697 _aFILOSOFIA
942 _cBK
999 _c166984
_d166984